| 000 | 00595nam a2200181 u 4500 | ||
|---|---|---|---|
| 001 | 000025227 | ||
| 005 | 20200930023637.0 | ||
| 008 | 110209s|||| xxu r 000 | spa d | ||
| 040 |
_aDO-SdBNP _bspa _cBNPHU |
||
| 041 | 1 | 7 |
_aspa _heng _2Código de idiomas MARC |
| 082 |
_axxx _bB863h |
||
| 100 | 1 |
_aBroadus, John Albert _951706 |
|
| 245 | 1 | 0 |
_aHistoria de la predicación : _bdiscursos / _cJohn Albert Broadus; traducción José Rivas. |
| 260 |
_aEl Paso, Texas : _bCasa Bautista de Publicaciones, _c[s. l.]. |
||
| 300 |
_a160 p. ; _c19 cm. |
||
| 700 | 1 |
_aRivas, José, _etr. _942247 |
|
| 049 | _aBNGR | ||
| 999 |
_c24720 _d24720 |
||